000 00654nam a22002417a 4500
005 20210426124813.0
008 210201b2010 ||||| |||| 00| 0 eng d
020 _a0324316941
020 _a0324364326
020 _a0324405367
040 _cDLC
041 _aeng
080 _a005
_bH-70
100 _9745
_aHitt,Michael A.
245 _aStrategic Managment
_b: Competitiveness and Globalizatin:
_cHitt,Michael A.
260 _aAustralia
_b Thomson
_c2007
300 _a428 p. :
_bill
650 0 _9324
_aManagement
653 _aმართვა
700 _9747
_aIreland,R.Duanel
700 _9748
_aHoskinsson,Robert E
942 _2udc
_cBK
999 _c1092
_d1092